Clouds - One Direction (ALL Lyrics) - Statistics

General Stats
  • This quiz has been taken 27 times
  • The average score is 272 of 337
Answer Stats
Answer % Correct
go
94%
go-
94%
go,
94%
I
94%
love
94%
the
94%
you
94%
But
88%
Clouds
88%
clouds
88%
don't
88%
don't,
88%
ever
88%
gonna
88%
is
88%
it
88%
like
88%
me
88%
never
88%
see
88%
simple
88%
simple,
88%
that
88%
That
88%
things
88%
we
88%
wish
88%
air
82%
back
82%
complicated
82%
down
82%
Here
82%
keep
82%
know
82%
left
82%
my
82%
no
82%
No,
82%
no,
82%
of
82%
said
82%
stop
82%
stop,
82%
want
82%
we're
82%
you're
82%
You're
82%
again,
76%
again
76%
all
76%
another
76%
Another
76%
breathe
76%
for
76%
friends
76%
on
76%
say
76%
should
76%
Someday
76%
someday,
76%
to
76%
try
76%
will
76%
end?
71%
Yeah,
71%
coming
65%
looking
65%
non-
65%
round
65%
always,
59%
always
59%
changes
59%
And
53%
and
53%
are
53%
changing
53%
tired
47%
up
35%
(whoa)
35%
grow
29%
If
24%
No matching quizzes found
Score Distribution
Percent of People with Each Score
Percentile by Number Answered
Your Score History
You have not taken this quiz